logo

Bir Sreshtho Munshi Abdur Rouf Library
Jhenaidah Cadet College

ভারতবর্ষ এবং বাঙালির স্বশাসন / (Record no. 11032)

MARC details
000 -LEADER
fixed length control field 00786nam a2200229 a 4500
001 - CONTROL NUMBER
JCCL Control Number 11032
003 - CONTROL NUMBER IDENTIFIER
JCCL marc code BD-JhCC
005 - DATE AND TIME OF LATEST TRANSACTION
control field 20190727102834.0
008 - FIXED-LENGTH DATA ELEMENTS--GENERAL INFORMATION
fixed length control field 190627b 2018bg a|||| ||a| 000 0 ben d
020 ## - INTERNATIONAL STANDARD BOOK NUMBER
International Standard Book Number 984075712X
035 ## - SYSTEM CONTROL NUMBER
system control number (BD-JhCC)11032
040 ## - CATALOGING SOURCE
Original cataloging agency BD-JhCC
Modifying agency BD-JhCC
041 ## - LANGUAGE CODE
Language code of Book ben
082 ## - DEWEY DECIMAL CLASSIFICATION NUMBER
Classification number 954
Author mark and Year RAH 2018
100 ## - MAIN ENTRY--PERSONAL NAME
Personal name রহমান, শেখ হাফিজুর
245 ## - TITLE STATEMENT
Title ভারতবর্ষ এবং বাঙালির স্বশাসন /
Statement of responsibility, etc শেখ হাফিজুর রহমান ।
260 ## - PUBLICATION, DISTRIBUTION, ETC. (IMPRINT)
Place of publication, distribution, etc ঢাকাঃ
Name of publisher, distributor, etc বাংলা একাডেমি ঢাকা;
Date of publication, distribution, etc ২০১৮.
300 ## - PHYSICAL DESCRIPTION
Pagination ৫৬৪ পৃঃ . :
Other physical details ill;
Dimensions ২২ সেমি.
651 ## - SUBJECT ADDED ENTRY--GEOGRAPHIC NAME
Geographic name Subcontinent
Geographic subdivision India
942 ## - ADDED ENTRY ELEMENTS (KOHA)
Source of classification or shelving scheme Dewey Decimal Classification
Koha item type Books
Holdings
Source of classification or shelving scheme volume number Damaged status Not for loan Home library Current library Shelving location Cost, normal purchase price Total Checkouts Full call number Barcode Date last seen Date checked out Copy number Koha item type
Dewey Decimal Classification V-2     JCC Rouf Library JCC Rouf Library General Stacks 1500.00 1 954 RAH 2018 15025 11/10/2021 11/02/2021 C-1 Books

JCC Library | Contacts | JCC Home

Last Update on 23 September 2017
Copyright @ 2017-2020 JCC Rouf Library
Rouf Library, Jhenidah Cadet College (JCC), Bangladesh